000 00305nam a22001457a 4500
008 210514b ||||| |||| 00| 0 eng d
020 _a0070304254
041 _aeng
080 _23rd
_a316
082 _a316
100 _a50
101 _aSOC
245 _aSociology
_cPaul B. Horton
942 _2udc
_cBK
999 _c57328
_d57328